E'tude de l'influence des supplements d'huile ve'ge'tale dans l'alimentation des poulets de chair sur la cropissance, (Record no. 1487)

000 -LEADER
fixed length control field 00444nam a22001457a 4500
003 - CONTROL NUMBER IDENTIFIER
control field OSt
005 - DATE AND TIME OF LATEST TRANSACTION
control field 20150929163945.0
008 - FIXED-LENGTH DATA ELEMENTS--GENERAL INFORMATION
fixed length control field 150929b xxu||||| |||| 00| 0 eng d
040 ## - CATALOGING SOURCE
Transcribing agency RUA
082 ## - DEWEY DECIMAL CLASSIFICATION NUMBER
Classification number AGR HIE 2002 B061 Or.1
100 ## - MAIN ENTRY--PERSONAL NAME
9 (RLIN) 1576
Personal name HIEV KONG
245 ## - TITLE STATEMENT
Title E'tude de l'influence des supplements d'huile ve'ge'tale dans l'alimentation des poulets de chair sur la cropissance,
300 ## - PHYSICAL DESCRIPTION
Extent iii, 28p.
Other physical details ill.
Dimensions 29cm.
942 ## - ADDED ENTRY ELEMENTS (KOHA)
Source of classification or shelving scheme
Koha item type AGR
Holdings
Price effective from Date last seen Permanent Location Not for loan Date acquired Source of classification or shelving scheme Koha item type Barcode Lost status Damaged status Shelving location Withdrawn status Current Location Full call number
2015-09-292015-09-29Library Block B 2015-09-29 AGRRUA006021  B061 Library Block BAGR HIE 2002 B061 Or.1
2015-09-292015-09-29Library Block B 2015-09-29 AGRRUA006020  B061 Library Block BAGR HIE 2002 B061 Or.2
2015-09-292015-09-29Library Block B 2015-09-29 AGRRUA(06975  B061 Library Block BAGR HIE 2002 B061 Or.4
2015-09-292015-09-29Library Block B 2015-09-29 AGRRUA006094  B061 Library Block BAGR HIE 2002 B061 Or.5
2015-09-292015-09-29Library Block B 2015-09-29 AGRRUA006024  B061 Library Block BAGR HIE 2002 B061 Or.6
2015-09-292015-09-29Library Block B 2015-09-29 AGRRUA006022  B061 Library Block BAGR HIE 2002 B061 Or.3
មជ្ឈមណ្ឌលឯការនៃសាកលវិទ្យាល័យភូមិន្ទកសិកម្មចំការដូង

Powered by Koha